|
|
|
|
| LEADER |
00746ncm a22002172a 4500 |
| 001 |
001260763 |
| 003 |
CZ BrMZK |
| 005 |
20121025103921.0 |
| 007 |
qu |
| 008 |
121025s1901 gw |||||||||||||||||ger d |
| 040 |
|
|
|a BOA001
|b cze
|
| 072 |
|
7 |
|a 784
|x Vokální hudba
|2 Konspekt
|9 9
|
| 100 |
1 |
|
|a Strauss, Richard,
|d 1864-1949
|7 jn20000605184
|4 cmp
|
| 245 |
1 |
0 |
|a Acht Lieder, Op. 49.
|n No. 2,
|p In goldener Fülle
|h [hudebnina] :
|b für eine Singstimme mit Klavierbegleitung /
|c Richard Strauss
|
| 246 |
3 |
0 |
|a In goldener Fülle
|
| 260 |
|
|
|a Berlin :
|b Fürstner,
|c 1901
|
| 300 |
|
|
|a 9 s.
|
| 910 |
|
|
|a BOA001
|b Mus4-0538.186,2
|
| 990 |
|
|
|a MU
|
| 991 |
|
|
|b 201210
|
| 996 |
6 |
|
|b 2619079090
|c Mus4-0538.186,2
|l MZK
|r Sklad / do 1 hodiny
|n 0
|w 001294700
|u 000010
|a 1
|e BOA001
|j MZK50
|s P
|